000 00528nam a2200181Ia 4500
005 20250326125616.0
008 250326s9999 xx 000 0 und d
037 _aTextbook
040 _aFMSL
_beng
_cFMSL
041 _aeng
_2eng
084 _aX4.56v L3
_qFMSL
100 _aREPORT
245 0 _aChannel tunnel: United Kingdom transport cost benefit study
_cREPORT
260 _aLondon
_bLondon, Her Majesty's Stationery Office
_c1973
300 _a48p
942 _cTB
_hX4.56v L3
999 _c1278784
_d1278784